|
|
|
|
| LEADER |
02604nam a2200505 4500 |
| 001 |
978-3-319-69757-4 |
| 003 |
DE-He213 |
| 005 |
20191024221245.0 |
| 007 |
cr nn 008mamaa |
| 008 |
171114s2018 gw | s |||| 0|eng d |
| 020 |
|
|
|a 9783319697574
|9 978-3-319-69757-4
|
| 024 |
7 |
|
|a 10.1007/978-3-319-69757-4
|2 doi
|
| 040 |
|
|
|d GrThAP
|
| 050 |
|
4 |
|a JZ2-6530
|
| 072 |
|
7 |
|a JPS
|2 bicssc
|
| 072 |
|
7 |
|a POL011000
|2 bisacsh
|
| 072 |
|
7 |
|a JPS
|2 thema
|
| 082 |
0 |
4 |
|a 327.1
|2 23
|
| 100 |
1 |
|
|a Starr-Deelen, Donna G.
|e author.
|4 aut
|4 http://id.loc.gov/vocabulary/relators/aut
|
| 245 |
1 |
0 |
|a Counter-Terrorism from the Obama Administration to President Trump
|h [electronic resource] :
|b Caught in the Fait Accompli War /
|c by Donna G. Starr-Deelen.
|
| 250 |
|
|
|a 1st ed. 2018.
|
| 264 |
|
1 |
|a Cham :
|b Springer International Publishing :
|b Imprint: Palgrave Pivot,
|c 2018.
|
| 300 |
|
|
|a VII, 77 p.
|b online resource.
|
| 336 |
|
|
|a text
|b txt
|2 rdacontent
|
| 337 |
|
|
|a computer
|b c
|2 rdamedia
|
| 338 |
|
|
|a online resource
|b cr
|2 rdacarrier
|
| 347 |
|
|
|a text file
|b PDF
|2 rda
|
| 520 |
|
|
|a Following up on Donna Starr-Deelen's previous book Presidential Policies on Terrorism: From Ronald Reagan to Barack Obama (Palgrave, 2014), this book compares and contrasts the approach of the Obama administration with the Trump administration regarding national security and counter-terrorism. It provides an overview of counter-terrorism in the Obama era and then moves to the rise of ISIS and the Syrian civil war, ending with an analysis of the new Trump administration's national security policies.
|
| 650 |
|
0 |
|a International relations.
|
| 650 |
|
0 |
|a United States-Politics and government.
|
| 650 |
|
0 |
|a Terrorism.
|
| 650 |
|
0 |
|a Political violence.
|
| 650 |
|
0 |
|a Politics and war.
|
| 650 |
1 |
4 |
|a Foreign Policy.
|0 http://scigraph.springernature.com/things/product-market-codes/912040
|
| 650 |
2 |
4 |
|a US Politics.
|0 http://scigraph.springernature.com/things/product-market-codes/911180
|
| 650 |
2 |
4 |
|a Terrorism and Political Violence.
|0 http://scigraph.springernature.com/things/product-market-codes/912090
|
| 650 |
2 |
4 |
|a Military and Defence Studies.
|0 http://scigraph.springernature.com/things/product-market-codes/912080
|
| 710 |
2 |
|
|a SpringerLink (Online service)
|
| 773 |
0 |
|
|t Springer eBooks
|
| 776 |
0 |
8 |
|i Printed edition:
|z 9783319697567
|
| 776 |
0 |
8 |
|i Printed edition:
|z 9783319697581
|
| 776 |
0 |
8 |
|i Printed edition:
|z 9783319888385
|
| 856 |
4 |
0 |
|u https://doi.org/10.1007/978-3-319-69757-4
|z Full Text via HEAL-Link
|
| 912 |
|
|
|a ZDB-2-POS
|
| 950 |
|
|
|a Political Science and International Studies (Springer-41174)
|